Economics: Principles, Problems, and Policies / (Record no. 615448)

000 -LEADER
fixed length control field 00449nam a22001457a 4500
020 ## - INTERNATIONAL STANDARD BOOK NUMBER
Qualifying information HB.
040 ## - CATALOGING SOURCE
Transcribing agency FIZZA ISHAQ
082 ## - DEWEY DECIMAL CLASSIFICATION NUMBER
Classification number 330
Author Mark McC
100 ## - MAIN ENTRY--PERSONAL NAME
Personal name McConnell, Campbell R.
9 (RLIN) 7877
245 ## - TITLE STATEMENT
Title Economics: Principles, Problems, and Policies /
Statement of responsibility, etc. Campbell R. McConnell.
250 ## - EDITION STATEMENT
Edition statement 17TH ED.
260 ## - PUBLICATION, DISTRIBUTION, ETC.
Place of publication, distribution, etc. NEW YORK:
Name of publisher, distributor, etc. McGraw-Hill Education,
Date of publication, distribution, etc. 2008.
300 ## - PHYSICAL DESCRIPTION
Extent G-1 X G-27; IND-1 X IND-30 ; 716 P. ;
Dimensions 8.6 x 1.37 x 10.3 inches
942 ## - ADDED ENTRY ELEMENTS (KOHA)
Source of classification or shelving scheme
Koha item type Book
Holdings
Withdrawn status Lost status Source of classification or shelving scheme Damaged status Not for loan Permanent Location Current Location Shelving location Date acquired Total Checkouts Full call number Barcode Date last seen Price effective from Koha item type
          NUST Baluchistan Campus (NBC) NUST Baluchistan Campus (NBC) General Stacks 12/03/2025   330 McC QD-168 12/03/2025 12/03/2025 Book
© 2023 Central Library, National University of Sciences and Technology. All Rights Reserved.